00970nabaa22002177a 4500999001500000003000400015005001700019008004100036040000700077100003800084245007300122300001500195500003600210505020000246505008900446650003200535650002400567650002900591773011900620942001300739 c6167d6167OSt20260123211349.0190701b xxu||||| |||| 00| 0 spa d cPJ 96889aRomero Verdún, Iván F. 10aEmpleo público y reforma del Estado /cIván F. Romero Verdún.  ap. 256-263 aCita: TR LALEY AR/DOC/450/2024  aSumario: I. Introducción.— II. Ley 25.164.— III. Organismos que se rigen por LCT y empresas estatales.— IV. Una nota adicional sobre empleo público y discriminación.— V. Colofón.  t¿Te interesa el texto completo? Comunicate al correo: koha@justierradelfuego.gov.ar 09211aDERECHO ADMINISTRATIVO 09938aEMPLEO PUBLICO 093177aREFORMA DEL ESTADO0 0284293251dBuenos Aires : AbeledoPerrot, 2012-oDA121tDerecho administrativo. Nº 152 marzo/abril 2024z18510590 2udccANA